20 years on: the waste strategy for England and Wales (Record no. 64747)

MARC details
000 -LEADER
fixed length control field 00772cam a2200217 4500
001 - CONTROL NUMBER
control field ABS62935
008 - FIXED-LENGTH DATA ELEMENTS--GENERAL INFORMATION
fixed length control field 000000n2000 000 0 eng u
035 ## - SYSTEM CONTROL NUMBER
System control number (Sirsi) u108444
100 ## - MAIN ENTRY--PERSONAL NAME
Personal name Holgate, G.
245 ## - TITLE STATEMENT
Title 20 years on: the waste strategy for England and Wales
260 ## - PUBLICATION, DISTRIBUTION, ETC.
Date of publication, distribution, etc. 2000
490 ## - SERIES STATEMENT
Series statement Environmental & Waste Management
Volume/sequential designation 3(3) September 2000, 141-144(4)
520 ## - SUMMARY, ETC.
Summary, etc. Reviews the White Paper, "Waste Strategy 2000: England and Wales" which sets out the government vision of sustainable waste management for the next 20 years.
590 ## - LOCAL NOTE (RLIN)
Local note ABS
650 ## - SUBJECT ADDED ENTRY--TOPICAL TERM
Topical term or geographic name entry element WASTE MANAGEMENT
650 ## - SUBJECT ADDED ENTRY--TOPICAL TERM
Topical term or geographic name entry element SUSTAINABLE DEVELOPMENT
650 ## - SUBJECT ADDED ENTRY--TOPICAL TERM
Topical term or geographic name entry element WASTE POLICY
650 ## - SUBJECT ADDED ENTRY--TOPICAL TERM
Topical term or geographic name entry element WHITE PAPER
690 ## - LOCAL SUBJECT ADDED ENTRY--TOPICAL TERM (OCLC, RLIN)
Topical term or geographic name as entry element ENVIRONMENTAL AND LAND CONSULTANCY-WASTE MANAGEMENT
942 ## - ADDED ENTRY ELEMENTS (KOHA)
Suppress in OPAC 0
Holdings
Withdrawn status Lost status Source of classification or shelving scheme Damaged status Not for loan Home library Current library Shelving location Date acquired Total Checkouts Full call number Barcode Date last seen Copy number Price effective from Koha item type
    Dewey Decimal Classification     London London Journal article 26/09/2000   ABS62935 108444-1001 06/08/2019 1 06/08/2019 Journal article